Normal view
MARC view
- Iqbal, H
Entry Personal Name
001 - CONTROL NUMBER
- control field: 88593
003 - CONTROL NUMBER IDENTIFIER
- control field: NUST
005 - DATE AND TIME OF LATEST TRANSACTION
- control field: 20220121160732.0
008 - FIXED-LENGTH DATA ELEMENTS
- fixed length control field: 220121|| aca||aabn | a|a d
040 ## - CATALOGING SOURCE
- Original cataloging agency: NUST
- Transcribing agency: NUST
100 ## - HEADING--PERSONAL NAME
- Personal name: Iqbal, H
670 ## - SOURCE DATA FOUND
- Source citation: Work cat.: (NUST): Iqbal, H , Abu Muslim Kharasani Jis Kay Lashkar Nay Saltanat E Umaiyya Ki Eent Se Eent Baja Di, 2015.
